Countries by Coast/Area Ratio - Statistics

General Stats
  • This quiz has been taken 2 times
  • The average score is 8 of 20
Answer Stats
Hint Answer % Correct
11600 m/km² Marshall Islands
100%
1270 m/km² Tonga
100%
653 m/km² Antigua and Barbuda
50%
1120 m/km² Bahamas
50%
336 m/km² Bahrain
50%
733 m/km² Grenada
50%
2420 m/km² Kiribati
50%
6720 m/km² Maldives
50%
1840 m/km² Micronesia
50%
679 m/km² Saint Vincent and the Grenadines
50%
1640 m/km² Seychelles
50%
378 m/km² Singapore
50%
353 m/km² Solomon Islands
50%
594 m/km² Aruba
0%
3330 m/km² Bermuda
0%
1520 m/km² French Polynesia
0%
890 m/km² Hong Kong
0%
1280 m/km² Macau
0%
627 m/km² Malta
0%
1130 m/km² U.S. Virgin Islands
0%
No matching quizzes found
Score Distribution
Percent of People with Each Score
Percentile by Number Answered
Your Score History
You have not taken this quiz